Quiz Booba - Statistiques

Statistiques générales
  • Ce quiz a été pris 416 fois
  • Le résultat moyen est 7 sur 10
Statistiques - réponses
Hint Réponse % Correct
Son Label 92i
92%
Nombre d'ALBUM 11
84%
Plus grande salle de concert faite Stade de France
83%
Son premier album Temps mort
83%
Son Nom complet Elie Yaffa
81%
Son ancien duo Lunatic
79%
Album certifié diamant Trône
71%
Sa radio OKLM radio
58%
Dernier album ad vitam aeternam
45%
Son le plus streamé Scarface
43%
Aucun quiz correspondant
Distribution des résultats
% des personnes avec chaque résultat
Percentile par nombre de réponses
Votre historique - résultats
Vous n’avez pas pris ce quiz